Cuba-U.S. relations : should the United States reexamine its policy? /

Bibliographic Details
Main Author: Sullivan, Mark P.
Corporate Author: Library of Congress. Congressional Research Service
Format: Microform Book
Language:English
Published: [Washington, D.C.] : Congressional Research Service, Library of Congress, [1994]
Series:Major studies and issue briefs of the Congressional Research Service. Supplement ; 1994, reel 13, fr. 00793.
Subjects:

MARC

Tag First Indicator Second Indicator Subfields
LEADER 00000cam a2200000 a 4500
001 in00001370607
005 20151006084049.0
007 hd afa014baca
008 950918s1994 dcu ab f000 0 eng d
035 |a (OCoLC)33145473 
035 |9 AHJ5570AM 
040 |a UP3  |c UP3  |d UtOrBLW 
043 |a nwcu---  |a n-us--- 
049 |a TXAI 
090 |a JK1108  |b .M35 Suppl. 1994 reel 13 
099 |a film  |a S  |a 1707  |a  1994, reel 13, fr. 00793. 
100 1 |a Sullivan, Mark P. 
245 1 0 |a Cuba-U.S. relations :  |b should the United States reexamine its policy? /  |c Mark P. Sullivan. 
246 1 0 |a Cuba, U.S. relations 
264 1 |a [Washington, D.C.] :  |b Congressional Research Service, Library of Congress,  |c [1994] 
300 |a 18 pages ;  |c 28 cm. 
336 |a text  |b txt  |2 rdacontent 
337 |a microform  |b h  |2 rdamedia 
338 |a microfilm reel  |b hd  |2 rdacarrier 
500 |a Cover title. 
500 |a At head of title: CRS report for Congress. 
500 |a "September 29, 1994." 
504 |a Includes bibliographical references. 
500 |a "94-759 F." 
533 |a Microfilm.  |b Arlington, Va. :  |c University Publications of America,  |d 1995.  |e on 1 microfilm reel ; 35 mm. Low reduction.  |f (Major studies and issue briefs of the Congressional Research Service. 1994 supplement ; reel 13, fr. 00793). 
500 |a Microform. 
651 0 |a Cuba  |x Foreign relations  |z United States. 
651 0 |a United States  |x Foreign relations  |z Cuba. 
710 2 |a Library of Congress.  |b Congressional Research Service. 
830 0 |a Major studies and issue briefs of the Congressional Research Service.  |p Supplement ;  |v 1994, reel 13, fr. 00793. 
999 |a MARS 
999 f f |s 65a20eca-f4b3-39f9-b7e2-dfff3cb0f7f4  |i 59c566ea-d35c-3dc8-81c8-a103a7cd45f7  |t 0 
952 f f |p default  |a Texas A&M University  |b College Station  |c Sterling C. Evans Library  |d Evans: Microforms (3rd floor)  |t 0  |e film S 1707 1994, reel 13, fr. 00793.  |h Other scheme  |i microform -- microfilm reel 
998 f f |a film S 1707 1994, reel 13, fr. 00793.  |t 0  |l Evans: Microforms (3rd floor)